000 00297nam a22001337a 4500
008 171121b xxu||||| |||| 00| 0 eng d
020 _a0721688567
041 _aeng
080 _a54
100 _a12
101 _aKIM
245 _aFUNDAMENTALS CLINICAL CHEMISTRY
_cTIETZ,N
942 _2udc
_cBK
999 _c38279
_d38279